000 00656nam a2200229 i 4500
001 C2-0168386
003 PPAK
005 20180728090831.0
008 980718s xx |||| ||||| | may d
040 _aPPAK
_beng
_cPPAK
_erda
082 0 4 _a899.233
_2 23
090 0 0 _a899.233
_bUNG
_dKK
100 0 _aUngku Maimunah Mohd. Tahir,
_eauthor
245 1 0 _aImam Abdullah Hussain
_bJatidiri pemimpin agama
300 _a6 pages ;
_c30 cm
336 _2rdacontent
_atext
337 _2rdamedia
_aunmediated
338 _2rdacarrier
_avolume
500 _aArtikel Dewan Sastera, April 1996
650 1 0 _aMalay fiction-Stories, plot, etc.
942 _ddc
_cB
999 _c152540
_d152540